| 000 | 00688nam a2200229 a 4500 | ||
|---|---|---|---|
| 001 | BRCA_4447 | ||
| 005 | 20190320204656.0 | ||
| 008 | 260810s1942----mx-a######---#000-0#eng-# | ||
| 041 | _aeng | ||
| 044 | _amx | ||
| 050 | 4 |
_aF1204.5 _b.A54 2 1942 |
|
| 245 | 1 | 0 |
_aAnglo-American Directory of Mexico _b(1942) _cpublished by Jack Starr-Hunt. |
| 260 |
_aMéxico _bWise Advertising _c1942 |
||
| 300 |
_axvi, 376 p. _bil. _c19 cm. |
||
| 500 | _aEstado físico: Encuadernación deteriorada | ||
| 500 | _aVer también AM70 (1946) y S106 (1951-1952) | ||
| 500 | _aH3 | ||
| 651 | 4 |
_aAmérica _vDirectorios _zMéxico _910980 |
|
| 700 | 1 |
_aStarr-Hunt, Jack _910981 |
|
| 902 | _aGFM | ||
| 942 |
_2lcc _cB |
||
| 999 |
_c4156 _d4156 |
||